00676nam a2200217 a 4500001001300000003000900013005001700022008004100039020001000080082001600090245003300106260005200139300000800191500003500199650002400234710003400258902000800292942000700300952013400307999001700441nice12345678IN_TiNIC20260116015318.0070914s2000 naga grp 000 0 eng  ac10000a303.69bNAG aAn Introduction to Mediation aNagaland bNagaland Development Outreach c2000 a66p aincludes index and biblioraphy aConflict Resolution2 aNagaland Development Outreach bSRC cBK 001040708StackRoom-aHMIbHMId2012-05-01g100.00l2m6o303.69 NAGp11001968r2018-09-17s2016-04-07v100.00w2007-09-14yBK c19189d19189